20 najlepszych klubów piłkarskich w Europie - Statystyki

Ogólne statystyki
  • Ten quiz został rozwiązany 413 razy
  • Średni wynik to 12 z 20
Statystyki odpowiedzi
Punkty Klub % Poprawnych
270 FC Barcelona
99%
380 Real Madryt
98%
221 Paris Saint-Germain
85%
255 Manchester City
83%
175 Arsenal
79%
315 Bayern Monachium
78%
153 Inter Milan
77%
245 Liverpool
73%
193 Manchester United
73%
221 Juventus
69%
224 Atletico Madryt
66%
211 Chelsea
64%
191 Borussia Dortmund
61%
161 Napoli
42%
182 AS Roma
40%
186 FC Porto
39%
155 S.L. Benfica
37%
159.5 Ajax Amsterdam
32%
201 Sevilla
25%
153 Villareal
12%
Nie znaleziono quizów pasujących do podanych kryteriów
Rozkład punktacji
Procent ludzi z każdym wynikiem
Percentyl według liczby udzielonych odpowiedzi
Twoja historia wyników
Nie rozwiązałeś tego quizu